The Routledge handbook of corpus linguistics

Đã lưu trong:
Chi tiết về thư mục
Tác giả khác: O'Keeffe, Anne (Biên tập viên), McCarthy, Michael (Biên tập viên)
Định dạng: Sách
Ngôn ngữ:Tiếng Anh
Được phát hành: Oxford Routledge 2010
Phiên bản:1a. ed
Loạt:Routledge Handbooks in Applied Linguistics
Những chủ đề:
Các nhãn: Thêm thẻ
Không có thẻ, Là người đầu tiên thẻ bản ghi này!

MARC

LEADER 00000nam a2200000 a 4500
001 UCG3081
003 CL-VaPUC
005 20231128114025.0
008 100812e20100000UK |||||||||||||||||eng|d
999 |c 342179  |d 342177 
020 |a 9780415464895 
040 |c Pontificia Universidad Católica de Valparaíso 
082 0 4 |a 401.41  |b OKE  |2 21 
100 |a O'Keeffe, Anne  |e editor  |9 551909 
245 1 4 |a The Routledge handbook of corpus linguistics 
250 |a 1a. ed 
260 |a Oxford  |b Routledge  |c 2010 
300 |a 682 p 
490 0 |a Routledge Handbooks in Applied Linguistics 
583 |a last modification  |c 20100812 00:00:00  |k Rodrigo Vera 
650 0 |a Análisis del discurso  |9 256696 
650 0 |a Corpus lingüístico  |9 483834 
650 0 |a Investigación lingüística  |9 329785 
700 |a McCarthy, Michael  |e editor  |9 876858 
942 |c BK  |2 ddc 
945 |d 20100812 00:00:00  |a cmena 
952 |0 0  |1 0  |4 0  |6 401_410000000000000_OKE_2010  |7 0  |8 A  |9 438227  |a FDOPOS  |b FDOPOS  |d 2019-11-22  |i 4707869  |o 401.41 OKE 2010  |p 4707869  |r 2025-01-22  |w 2019-11-22  |y BK  |k DLA